Viet Nam - (World bibliographical series Vol.147)
Uloženo v:
| Hlavní autor: | |
|---|---|
| Médium: | Kniha |
| Jazyk: | Undetermined |
| Vydáno: |
Oxford, England
Clio
1992
|
| Témata: | |
| Tagy: |
Přidat tag
Žádné tagy, Buďte první, kdo otaguje tento záznam!
|
| Thư viện lưu trữ: | Trung tâm Học liệu Trường Đại học Cần Thơ |
|---|
| LEADER | 00529nam a2200193Ia 4500 | ||
|---|---|---|---|
| 001 | CTU_17893 | ||
| 008 | 210402s9999 xx 000 0 und d | ||
| 020 | |b Harvard-Yenching Institute | ||
| 082 | |a 016.9597 | ||
| 082 | |b V666 | ||
| 100 | |a David G Marr | ||
| 245 | 0 | |a Viet Nam - (World bibliographical series Vol.147) | |
| 245 | 0 | |c David G Marr | |
| 260 | |a Oxford, England | ||
| 260 | |b Clio | ||
| 260 | |c 1992 | ||
| 650 | |a bibliography | ||
| 904 | |i Minh, 970811 | ||
| 980 | |a Trung tâm Học liệu Trường Đại học Cần Thơ | ||